| 000 | 00594ntaaa2200205 4500 | ||
|---|---|---|---|
| 003 | 01 | ||
| 005 | 20251027201046.0 | ||
| 008 | 0714s1973 ag 01 | ||
| 040 |
_aAR-BaBN _bspa _cAR-BaBN _eaacr _dRIC |
||
| 082 | _a189 F84 | ||
| 100 |
_aFrancisco de Asís, Santo _97972 |
||
| 245 |
_aLittle fowers of St. Francis : _bthe mirror of perfection / _cSanto Francisco de Asís |
||
| 250 | _a1 ed. | ||
| 260 |
_as.l. : _bJ. M. Dent , _cc950 |
||
| 300 | _axxii, 397 p. | ||
| 500 | _aThe life of St. Francis | ||
| 650 |
_aFlorecillas _97973 |
||
| 650 |
_aVida de Francisco de Asís _97974 |
||
| 942 | _cBK | ||
| 999 |
_c4738 _d4738 |
||